000 00364nam a2200133 i 4500
001 bg
100 1 _aSawicki, Kazimierz
_d(1926- ).
245 1 0 _aRachunkowość przedsiębiorstw transportu samochodowego.
_nCz. 1 /
_cKazimierz Sawicki.
260 _aSzczecin,
_c1973.
040 _cBPK
041 _apol
942 _cKS
008 s pl f |000 0 pol
999 _c26003
_d26003
856 _uhttp://koha.tu.koszalin.pl/cgi-bin/koha/opac-detail.pl?biblionumber=26003
_yKatalog online BPK